| 000 | 06754nkc a22005777a 4500 | ||
|---|---|---|---|
| 001 | 85820 | ||
| 005 | 20260429095032.0 | ||
| 007 | kh boc | ||
| 008 | 260420s1891 sp ||||| |||| |0| i|spa d | ||
| 040 |
_aM-RABA _bspa _cM-RABA |
||
| 245 | 0 | 1 |
_a[Burgos _b: vistas, calles y monumentos] _h[Material gráfico] |
| 260 | _c1891 | ||
| 300 |
_a16 fotografías _b: aristotipo _c; imagen 11 x 8 cm _c; soporte secundario 19 x 16 cm |
||
| 500 | 0 | 0 | _aConjunto de 16 fotografías que muestran diferentes vistas, calle y monumentos de Burgos |
| 500 | 0 | 0 | _aNota manuscrita a tinta en el verso del soporte secundario que indica la ubicación y fecha: Fot-695: "Burgos. Vista de la Ciudad tomada del otro lado del Puente. Septiembre 1891" -- Fot-696: "Burgos. Septiembre 1891. Claustro del Monasterio de Fresdelval" -- Fot-697: "Burgos. Claustro del Monasterio de Fresdelval. Stbre. 1891" -- Fot-698: "Burgos. Fresdelval. Ruinas del Claustro llamado de Padilla. Septiembre 1891" -- Fot-699: "Burgos. Septiembre 1891. Fresdelval. Un patio" -- Fot-700: "Burgos. Vista de la Catedral. Septiembre 1891" -- Fot-701: "Burgos. Catedral. Puerta de Coronería. Stbre. 1891" -- Fot-702: "Burgos. Catedral. Sepulcro que hay al lado izquierdo de la Puerta del Sarmental. Stbre. 1891" -- Fot-703: "Burgos. Puerta del Palacio Arzobispal" -- Fot-704: "Burgos. Arco de Paula María. Septiembre 1891" -- Fot-705: "Burgos. Arco de Fernán González. Stbre. 1891" -- Fot-706: "Burgos. Patio de la Casa de Miranda. Septiembre 1891" -- Fot-707: "Burgos. Iglesia de San Esteban. Septiembre 1891" -- Fot-708: "Burgos. Retablo de la Iglesia de San Lesmes. Stbre. 1891". |
| 610 | 1 | 4 |
_aCasa de Miranda (Burgos) _959020 |
| 610 | 2 | 7 |
_aMonasterio de Santa María (Fresdelval, España) _972055 |
| 610 | 2 | 7 |
_aCatedral de Burgos (España) _94956 |
| 651 | 0 |
_aBurgos- _x(España) _991320 |
|
| 655 | 0 |
_aFotografías de monumentos _9111580 |
|
| 852 | _jFot-695; Fot-696; Fot-697; Fot-698; Fot-699; Fot-700; Fot-701; Fot-702; Fot-703; Fot-704; Fot-705; Fot-706; Fot-707; Fot-708 | ||
| 856 |
_uhttps://archivoybiblioteca.realacademiabellasartessanfernando.com/cgi-bin/koha/opac-retrieve-file.pl?id=07365f49e759ff10c796de7c3efa27e3 _yFot-695r |
||
| 856 |
_uhttps://archivoybiblioteca.realacademiabellasartessanfernando.com/cgi-bin/koha/opac-retrieve-file.pl?id=62aa71b1ed9d25b6d79a9b57adf1f6da _yFot-695v |
||
| 856 |
_uhttps://archivoybiblioteca.realacademiabellasartessanfernando.com/cgi-bin/koha/opac-retrieve-file.pl?id=bda59a24cd0f7c1293731cb100312577 _uhttps://archivoybiblioteca.realacademiabellasartessanfernando.com/cgi-bin/koha/opac-retrieve-file.pl?id=4d0e723d94aefe85f8f6f006309b700d _yFot-696r |
||
| 856 |
_uhttps://archivoybiblioteca.realacademiabellasartessanfernando.com/cgi-bin/koha/opac-retrieve-file.pl?id=4d0e723d94aefe85f8f6f006309b700d _yFot-696v |
||
| 856 |
_uhttps://archivoybiblioteca.realacademiabellasartessanfernando.com/cgi-bin/koha/opac-retrieve-file.pl?id=82560b2ae9f1b32b9d9a6ceaed30dc91 _yFot-697r |
||
| 856 |
_uhttps://archivoybiblioteca.realacademiabellasartessanfernando.com/cgi-bin/koha/opac-retrieve-file.pl?id=80d3d2676fd3cdd579bf3f77ce0f679f _yFot-697v |
||
| 856 |
_uhttps://archivoybiblioteca.realacademiabellasartessanfernando.com/cgi-bin/koha/opac-retrieve-file.pl?id=a5443ee174c0d9a3bded053debd43cfd _yFot-698r |
||
| 856 |
_uhttps://archivoybiblioteca.realacademiabellasartessanfernando.com/cgi-bin/koha/opac-retrieve-file.pl?id=967e79f2ef5d408bd8879af4300e4253 _yFot-698v |
||
| 856 |
_uhttps://archivoybiblioteca.realacademiabellasartessanfernando.com/cgi-bin/koha/opac-retrieve-file.pl?id=2d9c0e9ac2edbccb6c6e6fb890375095 _yFot-699r |
||
| 856 |
_uhttps://archivoybiblioteca.realacademiabellasartessanfernando.com/cgi-bin/koha/opac-retrieve-file.pl?id=b9780c626f7178b1533902ef30b1b967 _yFot-699v |
||
| 856 |
_uhttps://archivoybiblioteca.realacademiabellasartessanfernando.com/cgi-bin/koha/opac-retrieve-file.pl?id=cb2475848d877cc242736506283c5f63 _yFot-700r |
||
| 856 |
_uhttps://archivoybiblioteca.realacademiabellasartessanfernando.com/cgi-bin/koha/opac-retrieve-file.pl?id=d590b93f9a7578228ec52a65b3f3a673 _yFot-700v |
||
| 856 |
_uhttps://archivoybiblioteca.realacademiabellasartessanfernando.com/cgi-bin/koha/opac-retrieve-file.pl?id=c3b876892879bcd9a6430bfa42b10a5b _yFot-701r |
||
| 856 |
_uhttps://archivoybiblioteca.realacademiabellasartessanfernando.com/cgi-bin/koha/opac-retrieve-file.pl?id=7c7e68c25ec41992e5b84158afb320e7 _yFot-701v |
||
| 856 |
_uhttps://archivoybiblioteca.realacademiabellasartessanfernando.com/cgi-bin/koha/opac-retrieve-file.pl?id=cde9581bbdb8e90409f1897865b4261d _yFot-702r |
||
| 856 |
_uhttps://archivoybiblioteca.realacademiabellasartessanfernando.com/cgi-bin/koha/opac-retrieve-file.pl?id=46a62babaf6cb6fe68bb5401401bccd6 _yFot-702v |
||
| 856 |
_uhttps://archivoybiblioteca.realacademiabellasartessanfernando.com/cgi-bin/koha/opac-retrieve-file.pl?id=d35260df28e4be603f419625788445cc _yFot-703r |
||
| 856 |
_uhttps://archivoybiblioteca.realacademiabellasartessanfernando.com/cgi-bin/koha/opac-retrieve-file.pl?id=a58f70bfd67b37325ca256797deec520 _yFot-703v |
||
| 856 |
_uhttps://archivoybiblioteca.realacademiabellasartessanfernando.com/cgi-bin/koha/opac-retrieve-file.pl?id=3332b4f975a7aaf1a519effbfec0c270 _yFot-704r |
||
| 856 |
_uhttps://archivoybiblioteca.realacademiabellasartessanfernando.com/cgi-bin/koha/opac-retrieve-file.pl?id=29ac51ab745302cd46bd6783db9173ea _yFot-704v |
||
| 856 |
_uhttps://archivoybiblioteca.realacademiabellasartessanfernando.com/cgi-bin/koha/opac-retrieve-file.pl?id=632902234453033a6f75792c8ea9b16f _yFot-705r |
||
| 856 |
_uhttps://archivoybiblioteca.realacademiabellasartessanfernando.com/cgi-bin/koha/opac-retrieve-file.pl?id=d484c4edb4365f21f5193380f3f088eb _yFot-705v |
||
| 856 |
_uhttps://archivoybiblioteca.realacademiabellasartessanfernando.com/cgi-bin/koha/opac-retrieve-file.pl?id=5b6ea59680e50a656c0c1f9a1fc4b947 _yFot-706r |
||
| 856 |
_uhttps://archivoybiblioteca.realacademiabellasartessanfernando.com/cgi-bin/koha/opac-retrieve-file.pl?id=5369174b8447f175a04c19a7ff1485d5 _yFot-706v |
||
| 856 |
_uhttps://archivoybiblioteca.realacademiabellasartessanfernando.com/cgi-bin/koha/opac-retrieve-file.pl?id=29bcf7c5eb3a521fd013f32ebc59b8bc _yFot-707r |
||
| 856 |
_uhttps://archivoybiblioteca.realacademiabellasartessanfernando.com/cgi-bin/koha/opac-retrieve-file.pl?id=4d1626b8f4159fbcb0c7f28a90218b83 _yFot-707v |
||
| 856 |
_uhttps://archivoybiblioteca.realacademiabellasartessanfernando.com/cgi-bin/koha/opac-retrieve-file.pl?id=e538fb092c0663f6fe4e09d163d1a336 _yFot-708r |
||
| 856 |
_uhttps://archivoybiblioteca.realacademiabellasartessanfernando.com/cgi-bin/koha/opac-retrieve-file.pl?id=939c780cb0d563d68bfc6f63991b7e47 _yFot-708v |
||
| 942 |
_cFOTOGRAFÍA _n0 |
||
| 999 |
_c85820 _d85820 |
||